000 00660nam a2200229 a 4500
001 40808
003 BD-RjUL
005 20211209053300.0
008 160510b1957 enk||||| |||| 00| 0 eng d
035 _a(BD-RjUL)40923
040 _aBD-RjUL
_beng
_cBD-RjUL
041 _aeng
082 _223
_a901
_bTOD 1957
100 _aToynbee, J. Arnold.
_9125578
245 0 2 _aDemocracy in the Atomic Age :
_bthe dyason lectures /
260 _alondon :
_bOxford University press,
_c1957
300 _a80 p. :
_c22 cm.
650 _aHistory -- Philosophy.
_9125579
650 _aHistory, Modern
_y 20th century
_9117397
650 _aDemocracy
_9125789
942 _2ddc
_cBK
999 _c40808
_d40808